Short-Named Celebrities Quiz Stats

 Plays Quiz Updated Feb 16, 2019

Support Sporcle.
Go Orange.
Score 0/16 Timer 03:00
5 Plays Today
Celebrity % Correct
Jay Leno
93.9%
Tina Fey
86.9%
Al Gore
76.4%
Lucy Liu
74.2%
Yoko Ono
73.4%
Bill Nye
71.8%
Meg Ryan
67.8%
Rob Lowe
64.7%
Celebrity % Correct
Jude Law
63.8%
Mia Hamm
59.6%
Yo-Yo Ma
59.3%
Axl Rose
56.3%
Bo Derek
54.6%
Bob Dole
46.2%
Ron Paul
38.9%
Ty Cobb
33.2%

From the Vault

Two-Word Movie Title Jumble

by jyrops

Movies 6m
It's Sporcle's own 'Rumble in the Jumble.'
Remove Ads.
Support Sporcle.
Get the best of Sporcle when you Go Orange. This ad-free experience offers more features, more stats, and more fun while also helping to support Sporcle. Thank you for becoming a member.

Show Comments

Extras

Top Quizzes Today


Score Distribution

Your Account Isn't Verified!

In order to create a playlist on Sporcle, you need to verify the email address you used during registration. Go to your Sporcle Settings to finish the process.

Report this User

Report this user for behavior that violates our Community Guidelines.

Details: